000 00367nam a2200145Ia 4500
005 20250320143158.0
008 240331s9999 xx 000 0 und d
082 _bNUH
_a894
100 _aNuhman, M.A
245 0 _aThathamarum perarkalum
260 _aKalmunai
_bReader's Association
_c1977
300 _a72 p .,
500 _aA Collection of Longer Poems
942 _cL
999 _c4064
_d4064